| 000 | 00358nam a2200133Ia 4500 | ||
|---|---|---|---|
| 008 | 240624s9999 xx 000 0 und d | ||
| 041 | _aeng | ||
| 082 | _a339 GOO | ||
| 100 | _aGOODHART CHARLES | ||
| 245 | _aHOUSE PRICES AND THE MACROECONOMY IMPLIC | ||
| 260 |
_c2007 _aNew York _bOxford University Press |
||
| 300 | _axi, 234 p.; 25 cm. | ||
| 365 |
_cBPS _b38 |
||
| 999 |
_c29072 _d29072 |
||